000 00943nam a2200301 a 4500
001 000007812
005 20240412074205.0
008 090911s2008 dr r 000 j spa d
020 _a999347505X
040 _aDO-SdBNP
_bspa
_cBNPHU
082 _a863.44
_bG216ru, 2008
100 1 _aGarcía Romero, Rafael,
_d1957
_91671
245 1 0 _aRuinas /
_cRafael García Romero.
250 _a8a ed.
260 _aSanto Domingo :
_bEdiciones CEDIBIL,
_c2008.
300 _a161 p. ;
_c22 cm.
490 1 _aEdiciones CEDIBIL
_v16
490 1 _aCalímaco
_v16
490 1 _aNarrativa
_v7
500 _aIncluye datos biográficos del autor en la solapa de la cubierta
590 _aInventariado, 2020/BT
650 0 _aCuentos dominicanos
_9176
650 0 _aLiteratura dominicana.
_967
830 0 _aEdiciones CEDIBIL
_n16
_99551
830 0 _aCalímaco
_n16
_93619
830 0 _aNarrativa
_n7
_93620
910 _aValidado. Control de calidad. MMOLINA
999 _c7590
_d7590